The Kennedy women : (Record no. 22)

MARC details
000 -LEADER
fixed length control field 00813pam a2200241 a 4500
005 - DATE AND TIME OF LATEST TRANSACTION
control field 20260322212003.0
008 - FIXED-LENGTH DATA ELEMENTS--GENERAL INFORMATION
fixed length control field data
010 ## - LIBRARY OF CONGRESS CONTROL NUMBER
LC control number 94015361
020 ## - INTERNATIONAL STANDARD BOOK NUMBER
International Standard Book Number 0679428607 :
Terms of availability {dollar}27.50 ({dollar}35.00 Can.)
020 ## - INTERNATIONAL STANDARD BOOK NUMBER
International Standard Book Number 9780679428602 :
Terms of availability {dollar}27.50 ({dollar}35.00 Can.)
040 ## - CATALOGING SOURCE
Original cataloging agency DLC
Transcribing agency DLC
Modifying agency DLC
050 00 - LIBRARY OF CONGRESS CALL NUMBER
Classification number E843
Item number .L43 1994
082 00 - DEWEY DECIMAL CLASSIFICATION NUMBER
Classification number B
-- B
Edition information 20
001 - CONTROL NUMBER
control field data
100 1# - MAIN ENTRY--PERSONAL NAME
Personal name Leamer, Laurence.
245 14 - TITLE STATEMENT
Title The Kennedy women :
Remainder of title the saga of an American family /
Statement of responsibility, etc. Laurence Leamer.
250 ## - EDITION STATEMENT
Edition statement 1st ed.
260 ## - PUBLICATION, DISTRIBUTION, ETC.
Place of publication, distribution, etc. New York :
Name of publisher, distributor, etc. Villard Books,
Date of publication, distribution, etc. 1994.
300 ## - PHYSICAL DESCRIPTION
Extent x, 933 p. :
Other physical details ill. ;
Dimensions 25 cm.
504 ## - BIBLIOGRAPHY, ETC. NOTE
Bibliography, etc. note Includes bibliographical references (p. [879]-898) and index.
600 30 - SUBJECT ADDED ENTRY--PERSONAL NAME
Personal name Kennedy family.
856 42 - ELECTRONIC LOCATION AND ACCESS
Materials specified Publisher description
Uniform Resource Identifier <a href="http://www.loc.gov/catdir/description/random0412/94015361.html">http://www.loc.gov/catdir/description/random0412/94015361.html</a>
Holdings
Withdrawn status Lost status Damaged status Not for loan Home library Current library Shelving location Date acquired Total checkouts Full call number Barcode Date last seen Price effective from Koha item type
        Midway Midway General stacks 22/03/2026   973.922/092/2 B 20 BC0010022 22/03/2026 22/03/2026 Books